International relations since 1919. : (Record no. 392)
[ view plain ]
| 000 -LEADER | |
|---|---|
| fixed length control field | 00545cam a2200193ua 4500 |
| 001 - CONTROL NUMBER | |
| control field | 448 |
| 005 - DATE AND TIME OF LATEST TRANSACTION | |
| control field | 20260515113152.0 |
| 008 - FIXED-LENGTH DATA ELEMENTS--GENERAL INFORMATION | |
| fixed length control field | 110406n ii |||gr||||Z||||||eng |
| 040 ## - CATALOGING SOURCE | |
| Transcribing agency | MAIN |
| 082 ## - DEWEY DECIMAL CLASSIFICATION NUMBER | |
| Classification number | 327.09041 |
| 245 ## - TITLE STATEMENT | |
| Title | International relations since 1919. : |
| Remainder of title | part two (1945-present day.) / |
| Statement of responsibility, etc. | By Madan Lal Gupta. |
| 250 ## - EDITION STATEMENT | |
| Edition statement | 2nd. |
| 260 ## - PUBLICATION, DISTRIBUTION, ETC. | |
| Place of publication, distribution, etc. | Allahabad.: |
| Name of publisher, distributor, etc. | Chaitanya publishing house.,964. |
| 300 ## - PHYSICAL DESCRIPTION | |
| Extent | 496 p.:6 cm. |
| 653 ## - INDEX TERM--UNCONTROLLED | |
| Uncontrolled term | Political science. |
| 653 ## - INDEX TERM--UNCONTROLLED | |
| Uncontrolled term | International relations. |
| 700 ## - ADDED ENTRY--PERSONAL NAME | |
| Personal name | Gupta, Madan Lal., |
| 942 ## - ADDED ENTRY ELEMENTS (KOHA) | |
| Koha item type | Books |
| Withdrawn status | Lost status | Damaged status | Not for loan | Home library | Current library | Shelving location | Date acquired | Total checkouts | Full call number | Barcode | Date last seen | Copy number | Price effective from | Koha item type |
|---|---|---|---|---|---|---|---|---|---|---|---|---|---|---|
| Naharkatiya College Library | Naharkatiya College Library | General stacks | 09/19/2020 | 327.09041 | GUP | 104 | 09/19/2020 | 1 | 09/19/2020 | Books | |||||
| Naharkatiya College Library | Naharkatiya College Library | General stacks | 09/19/2020 | 327.09041 | GUP | 105 | 09/19/2020 | 2 | 09/19/2020 | Books |